Introduction to mechatronic design

保存先:
書誌詳細
第一著者:  Carryer, J. Edward
フォーマット: Sách
言語:Undetermined
出版事項:  Prentice Hall  2011
主題:
タグ: タグ追加
タグなし, このレコードへの初めてのタグを付けませんか!
Thư viện lưu trữ: Trung tâm Thư viện - Trường Đại học Công nghiệp TP. Hồ Chí Minh
LEADER 00501nam a2200157Ia 4500
001 UIH_06201
008 231011s9999 xx 000 0 und d
082 |a  621.222 
100 |a  Carryer, J. Edward 
245 0 |a  Introduction to mechatronic design 
245 0 |c  Carryer, J. Edward 
260 |b  Prentice Hall 
260 |c  2011 
650 |a  Cơ điện tử; Mechatronics;  
927 |a Sách 
980 |a Trung tâm Thư viện - Trường Đại học Công nghiệp TP. Hồ Chí Minh